000 00200 a2200085 4500
020 _a9783966800136
100 _aMehrotra, Rahul
245 _aThe kinetic city & other essays
260 _bArchitangle
_c2021
999 _c13156
_d13156